Представление документа в формате RUSMARC

Поле Инд. ПП Название Значение
Тип записи a
Библиографический уровень s
001 Контрольный номер b1393e1471834dc8adb8002035cbc866
005 Дата корректировки 20220131162002.4
011 a ISSN 2072-3636
102 a Страна публикации RU
200 1_ a Заглавие Администратор суда
b Общее обозначение материала Текст
210 1_ d Дата издания 2014
610 0_ a Ключевые слова Периодика 2014
801 _0 a Страна RU
b Организация РГУП
g Правила каталогизации PSBO
801 _1 a Страна RU
b Организация РГУП
g Правила каталогизации PSBO
901 t Тип документа u
905 a Дата ввода 20181126